| 000 | 01106nam a2200349 i 4500 | ||
|---|---|---|---|
| 001 | 42726 | ||
| 003 | KOSZ 005 | ||
| 005 | 20190830135144.0 | ||
| 008 | 030402s1998 pl f |000 0 pol d | ||
| 020 | _a8387574163 | ||
| 040 |
_cKOSZ 005 _aKOSZ 005 _dKOSZ 005/HR |
||
| 041 | 0 | _apol | |
| 046 | _k1998 | ||
| 080 | _a620.9 | ||
| 100 | 1 |
_aRadović, Uroš _eAutor |
|
| 245 | 1 | 0 |
_aEnergia odnawialna : _bstan obecny i perspektywy / _c[Uroš Radović] ; Agencja Rynku Energii. |
| 260 |
_aWarszawa : _bARE, _c1998. |
||
| 300 |
_a236 s. : _bil. ; _c30 cm. |
||
| 336 |
_2rdacontent _aTekst _btxt |
||
| 337 |
_2rdamedia _aBez uządzenia pośredniczącego _bn |
||
| 338 |
_2rdacarrier _aWolumin _bnc |
||
| 380 | _aKsiążki | ||
| 388 | _a1901-2000 | ||
| 388 | _a1989-2000 | ||
| 500 | _aBibliogr. | ||
| 650 | 9 | _aEnergetyka | |
| 650 | 9 | _aOdnawialne źródła energii | |
| 658 | _aInżynieria i technika | ||
| 710 | 0 | _aAgencja Rynku Energii | |
| 856 |
_uhttp://koha.tu.koszalin.pl/cgi-bin/koha/opac-detail.pl?biblionumber=42726 _yKatalog online BPK |
||
| 942 |
_cKS _2UKD |
||
| 999 |
_c42726 _d42726 |
||